Catálogo

NOSOTROS EL PUEBLO, LA HISTORIA DEL CAPITOLIO DE LOS ESTADOS UNIDOS (Registro nro. 19319)

Detalles MARC
000 -LEADER
fixed length control field 00502nam a2200169 a 4500
001 - CONTROL NUMBER
control field 19319
005 - DATE AND TIME OF LATEST TRANSACTION
control field 20180713212737.0
008 - FIXED-LENGTH DATA ELEMENTS--GENERAL INFORMATION
fixed length control field 140415s1968 xxu 000 0 eng d
041 ## - LANGUAGE CODE
Language code of text/sound track or separate title eng
082 ## - DEWEY DECIMAL CLASSIFICATION NUMBER
Classification number 973
Item number AIK
100 1# - MAIN ENTRY--PERSONAL NAME
Personal name AIKMAN, LONNELLE
245 10 - TITLE STATEMENT
Title NOSOTROS EL PUEBLO, LA HISTORIA DEL CAPITOLIO DE LOS ESTADOS UNIDOS
250 ## - EDITION STATEMENT
Edition statement 1a ed.
260 ## - PUBLICATION, DISTRIBUTION, ETC.
Place of publication, distribution, etc. ESTADOS UNIDOS DE AMERICA :
Name of publisher, distributor, etc. NATIONAL GEOGRAPHIC SOCIETY,
Date of publication, distribution, etc. 1968
300 ## - PHYSICAL DESCRIPTION
Extent 143
650 14 - SUBJECT ADDED ENTRY--TOPICAL TERM
Topical term or geographic name entry element ESTADOS UNIDOS
General subdivision HISTORIA
Existencias
Withdrawn status Lost status Source of classification or shelving scheme Damaged status Not for loan Collection code Home library Current library Shelving location Date acquired Source of acquisition Inventory number Total Checkouts Full call number Barcode Date last seen Date last checked out Price effective from Koha item type
    Dewey Decimal Classification     General Biblioteca Karol Wojtyla Biblioteca Karol Wojtyla Sala general 03/12/2013 Compra 151000000000000000045656   973 AIK 3878 05/01/2026 11/04/2016 03/12/2013 Libro